000 01132nmm a2200397 a 4500
003 AR-BaBNM
005 20251128205707.0
008 268019s1984 ||||||||||||||000 | spa||
020 _a84-254-1348-6
040 _cAR-BaBNM
100 1 _aBonner, Stanley F.
245 1 0 _aLa educación en la Roma antigua
_bdesde Catón a Plinio el joven
260 _aBarcelona
_bHerder
_c1984
300 _a462 p.
_bil.
500 _aIndice p. 5-6
500 _aLista de ilustraciones p. 7-8
500 _aAbreviaturas y siglas p. 9-10
500 _aIndice alfabético p. 449-462
504 _aBibliografía p. 435-447
600 1 4 _aQuintiliano, Marco Fabio
650 4 _aRETORICA
650 4 _aEDAD ANTIGUA
650 4 _aENSENANZA DE LA EXPRESION ORAL
650 4 _aENSENANZA DE LA LECTURA
650 4 _aSISTEMAS DE ENSENANZA
650 4 _aGRAMATICA
650 4 _aAPRENDIZAJE
650 4 _aHISTORIA DE LA EDUCACION
650 4 _aEDUCACION ESTETICA
650 4 _aESCUELAS
651 4 _aRoma
653 _aEDUCACION PRIMARIA
700 1 _aDomenech Parde, José Ma.
_etraductor
942 _cBK
998 _carturo
999 _c12433
_d12433